000 00207nam a2200109Ia 4500
100 _aJOHN/KENNETH
942 _cBK
245 _aTHE AGE OF UNCERTAINITY
260 _b#N/A
546 _aENGLISH
999 _c31915
_d31915